000 00407nam a2200133Ia 4500
008 100328s9999 xx 000 0 und d
082 _b51084
100 _aप्रभु मीना.
245 _aदक्षिणरंग.
260 _bमेहता पब्लिशिंग हाऊस
630 _aदक्षिणरंग.
730 _aदक्षिणरंग.
942 _cBOOK
999 _c538084
_d538081